Druhy manažérskych správ ako súčasť časovej dimenzie manažérskeho reportingu

Manažérsky reporting ako najdôležitejší nástroj koordinácie a komunikácie controllingu - predstavuje proces sprostredkovania informácií, ktoré podporujú činnosť manažmentu podniku v procese plánovania a kontroly. Autor sa venuje časovému aspektu reportingu, konkrétne trom druhom správ, ktoré sa líši...

Descrizione completa

Salvato in:
Dettagli Bibliografici
Autore principale: Budinský, Michal
Natura: Capitolo di libro
Lingua:slovacco
Soggetti:
Tags: Aggiungi Tag
Nessun Tag, puoi essere il primo ad aggiungerne!!

MARC

LEADER 00000nla$a2200000$$$4500
001 0114141
005 20240502072254.0
041 0 |a slo 
044 |a SK 
245 1 0 |a Druhy manažérskych správ ako súčasť časovej dimenzie manažérskeho reportingu  |c Michal Budinský 
520 |a Manažérsky reporting ako najdôležitejší nástroj koordinácie a komunikácie controllingu - predstavuje proces sprostredkovania informácií, ktoré podporujú činnosť manažmentu podniku v procese plánovania a kontroly. Autor sa venuje časovému aspektu reportingu, konkrétne trom druhom správ, ktoré sa líšia pravidelnosťou predkladania a rozdielnosťou podnetov, ktoré vyvolávajú ich zostavenie. Pritom platí, že druh správy a termín jej predkladania závisia od účelu jej vypracovania a prevládajúceho spôsobu využitia informácií v nej. 
610 2 0 |a kontroling 
610 2 0 |a podnik 
610 2 0 |a reporting 
610 2 0 |a manažment 
610 2 0 |a výkazníctvo finančné 
610 2 0 |a čas 
610 2 0 |a systémy informačné manažérske 
100 1 |a Budinský, Michal